Advances in agronomy. V.85 (Record no. 42428)

MARC details
000 -LEADER
fixed length control field 00429nam a2200157Ia 4500
020 ## - INTERNATIONAL STANDARD BOOK NUMBER
ISBN 0120007835
082 ## - DEWEY DECIMAL CLASSIFICATION NUMBER
Classification number 631/635
Item number ADV.85
100 ## - MAIN ENTRY--AUTHOR NAME
Personal name Sparks, Donald L
245 #0 - TITLE STATEMENT
Title Advances in agronomy. V.85
260 ## - PUBLICATION, DISTRIBUTION, ETC. (IMPRINT)
Place of publication Amsterdam
Name of publisher Elsevier Academic Press
Year of publication 2005
650 ## - SUBJECT ADDED ENTRY--TOPICAL TERM
Topical Term Crop residue management
650 ## - SUBJECT ADDED ENTRY--TOPICAL TERM
Topical Term Hydropedology
650 ## - SUBJECT ADDED ENTRY--TOPICAL TERM
Topical Term Root system agriculture
942 ## - ADDED ENTRY ELEMENTS (KOHA)
Koha item type Books
Holdings
Withdrawn status Lost status Damaged status Not for loan Home library Current library Date acquired Full call number Accession Number Koha item type
        RRII Library RRII Library 16/12/2021 631/635 ADV.85 22700 Books